000 00355nam a2200133Ia 4500
008 220217s9999||||xx |||||||||||||| ||und||
082 _a620.1123 MUB
100 _aMubeen, A
245 0 _aExperimental stress analysis
250 _a2nd
260 _aDhanpath rai publications
_bNew Delhi
_c2012
300 _aXII, 236p.
_b120
650 _aMECHANICS
999 _c184807
_d184807